00750nam a2200205 a 450000100100000000500170001000800410002704000250006808200190009310000450011224500970015726000450025430000350029949000350033465000350036965000150040465000340041965100560045383000350050900003214920200930063454.0110713s1985 dr ac 000 | spa d aDO-SdBNPbspacBNPHU a299.675bM665v1 aMiniño Marión-Landais, Manuel Marino10aEs el Vudú religión? :bel vudú dominicano /cManuel Marino Miniño Marión-Landais. aSanto Domingo :bLibros y Textos,c1985. a84 p. :bil., retrs. ;c16 cm.1 aAntología de nuestra vozv20 4aVudúzRepública Dominicana 4aBrujería 4aMagiazRepública Dominicana 4aRepública DominicanaxVida Religiosa Y Costumbres 0aAntología de nuestra vozv20